<?xml version="1.0" encoding="UTF-8"?>
<record
    xmlns:xsi="http://www.w3.org/2001/XMLSchema-instance"
    xsi:schemaLocation="http://www.loc.gov/MARC21/slim http://www.loc.gov/standards/marcxml/schema/MARC21slim.xsd"
    xmlns="http://www.loc.gov/MARC21/slim">

  <leader>02277nam a2200217Ia 4500</leader>
  <controlfield tag="003">OSt</controlfield>
  <controlfield tag="005">20260107150925.0</controlfield>
  <controlfield tag="008">210210b2001   xxu||||| |||| 00| 0 eng d</controlfield>
  <datafield tag="040" ind1=" " ind2=" ">
    <subfield code="c">AL</subfield>
  </datafield>
  <datafield tag="041" ind1=" " ind2=" ">
    <subfield code="a">Kannada</subfield>
  </datafield>
  <datafield tag="082" ind1=" " ind2=" ">
    <subfield code="a">K894.309 SHIN</subfield>
  </datafield>
  <datafield tag="100" ind1=" " ind2=" ">
    <subfield code="a">SHIVARAMA PADIKKAL.</subfield>
    <subfield code="d">&#xCB6;&#xCBF;&#xCB5;&#xCB0;&#xCBE;&#xCAE; &#xCAA;&#xCA1;&#xCBF;&#xC95;&#xCCD;&#xC95;&#xCB2;&#xCCD;</subfield>
    <subfield code="9">202114</subfield>
  </datafield>
  <datafield tag="245" ind1=" " ind2=" ">
    <subfield code="a">Nadu-nudiya Rupaka Rashtra Adhunikathe Mattu Kannadada Modala Kadambarigalu.</subfield>
    <subfield code="b">&#xCA8;&#xCBE;&#xCA1;&#xCC1;-&#xCA8;&#xCC1;&#xCA1;&#xCBF;&#xCAF; &#xCB0;&#xCC2;&#xCAA;&#xC95; &#xCB0;&#xCBE;&#xCB7;&#xCCD;&#xC9F;&#xCCD;&#xCB0;&#xC86;&#xCA7;&#xCC1;&#xCA8;&#xCBF;&#xC95;&#xCA4;&#xCC6; &#xCAE;&#xCA4;&#xCCD;&#xCA4;&#xCC1; &#xC95;&#xCA8;&#xCCD;&#xCA8;&#xCA1;&#xCA6; &#xCAE;&#xCCA;&#xCA6;&#xCB2; &#xC95;&#xCBE;&#xCA6;&#xC82;&#xCAC;&#xCB0;&#xCBF;&#xC97;&#xCB3;&#xCC1;</subfield>
  </datafield>
  <datafield tag="260" ind1=" " ind2=" ">
    <subfield code="a">Mangalagangotri.</subfield>
    <subfield code="b">Prasaranga, Mangaluru Vishwavidyanilaya.,</subfield>
    <subfield code="c">2001</subfield>
  </datafield>
  <datafield tag="300" ind1=" " ind2=" ">
    <subfield code="a">280</subfield>
  </datafield>
  <datafield tag="520" ind1=" " ind2=" ">
    <subfield code="a">"&#xCA8;&#xCBE;&#xCA1;&#xCC1;-&#xCA8;&#xCC1;&#xCA1;&#xCBF;&#xCAF; &#xCB0;&#xCC2;&#xCAA;&#xC95;: &#xCB0;&#xCBE;&#xCB7;&#xCCD;&#xC9F;&#xCCD;&#xCB0;, &#xC86;&#xCA7;&#xCC1;&#xCA8;&#xCBF;&#xC95;&#xCA4;&#xCC6; &#xCAE;&#xCA4;&#xCCD;&#xCA4;&#xCC1; &#xC95;&#xCA8;&#xCCD;&#xCA8;&#xCA1;&#xCA6; &#xCAE;&#xCCA;&#xCA6;&#xCB2; &#xC95;&#xCBE;&#xCA6;&#xC82;&#xCAC;&#xCB0;&#xCBF;&#xC97;&#xCB3;&#xCC1;" &#xC8E;&#xCA8;&#xCCD;&#xCA8;&#xCC1;&#xCB5;&#xCC1;&#xCA6;&#xCC1; &#xCA1;&#xCBE;. &#xCB6;&#xCBF;&#xCB5;&#xCB0;&#xCBE;&#xC82; &#xCAA;&#xCA1;&#xCBF;&#xC95;&#xCB2;&#xCCD; &#xCB0;&#xC9A;&#xCBF;&#xCB8;&#xCBF;&#xCA6; &#xC92;&#xC82;&#xCA6;&#xCC1; &#xCAA;&#xCCD;&#xCB0;&#xCAC;&#xC82;&#xCA7;/&#xCB8;&#xC82;&#xCB6;&#xCCB;&#xCA7;&#xCA8;&#xCBE; &#xC97;&#xCCD;&#xCB0;&#xC82;&#xCA5;&#xCB5;&#xCBE;&#xC97;&#xCBF;&#xCA6;&#xCCD;&#xCA6;&#xCC1;, &#xC87;&#xCA6;&#xCC1; &#xC95;&#xCA8;&#xCCD;&#xCA8;&#xCA1;&#xCA6; &#xCB0;&#xCBE;&#xCB7;&#xCCD;&#xC9F;&#xCCD;&#xCB0;&#xCAD;&#xC95;&#xCCD;&#xCA4;&#xCBF;, &#xC86;&#xCA7;&#xCC1;&#xCA8;&#xCBF;&#xC95;&#xCA4;&#xCC6; &#xCAE;&#xCA4;&#xCCD;&#xCA4;&#xCC1; &#xCAE;&#xCCA;&#xCA6;&#xCB2;&#xCC1; &#xCAC;&#xC82;&#xCA6; &#xC95;&#xCBE;&#xCA6;&#xC82;&#xCAC;&#xCB0;&#xCBF;&#xC97;&#xCB3; &#xC86;&#xCB3;&#xCB5;&#xCBE;&#xCA6; &#xCB5;&#xCBF;&#xCB6;&#xCCD;&#xCB2;&#xCC7;&#xCB7;&#xCA3;&#xCC6; &#xCAE;&#xCBE;&#xCA1;&#xCC1;&#xCA4;&#xCCD;&#xCA4;&#xCA6;&#xCC6;, &#xCB5;&#xCBF;&#xCB6;&#xCC7;&#xCB7;&#xCB5;&#xCBE;&#xC97;&#xCBF; &#xCB0;&#xCBE;&#xCB7;&#xCCD;&#xC9F;&#xCCD;&#xCB0; &#xC95;&#xC9F;&#xCCD;&#xC9F;&#xCC1;&#xCB5; &#xCAA;&#xCCD;&#xCB0;&#xC95;&#xCCD;&#xCB0;&#xCBF;&#xCAF;&#xCC6;&#xCAF;&#xCB2;&#xCCD;&#xCB2;&#xCBF; &#xCAD;&#xCBE;&#xCB7;&#xCC6; &#xCAE;&#xCA4;&#xCCD;&#xCA4;&#xCC1; &#xCB8;&#xCBE;&#xCB9;&#xCBF;&#xCA4;&#xCCD;&#xCAF;&#xCA6; &#xCAA;&#xCBE;&#xCA4;&#xCCD;&#xCB0;&#xCB5;&#xCA8;&#xCCD;&#xCA8;&#xCC1; &#xCB5;&#xCBF;&#xCB5;&#xCB0;&#xCBF;&#xCB8;&#xCC1;&#xCA4;&#xCCD;&#xCA4;&#xCA6;&#xCC6;. &#xC87;&#xCA6;&#xCC1; &#xC86;&#xCA7;&#xCC1;&#xCA8;&#xCBF;&#xC95; &#xC95;&#xCA8;&#xCCD;&#xCA8;&#xCA1; &#xCB8;&#xCBE;&#xCB9;&#xCBF;&#xCA4;&#xCCD;&#xCAF;&#xCA6; &#xC86;&#xCB0;&#xC82;&#xCAD;&#xCA6; &#xC95;&#xCBE;&#xCA6;&#xC82;&#xCAC;&#xCB0;&#xCBF;&#xC97;&#xCB3;&#xCBE;&#xCA6; '&#xCAE;&#xCC1;&#xCA6;&#xCCD;&#xCB0;&#xCBE;&#xCAE;&#xC82;&#xC9C;&#xCC2;&#xCB7;'&#xCA6;&#xC82;&#xCA4;&#xCB9; &#xC95;&#xCC3;&#xCA4;&#xCBF;&#xC97;&#xCB3;&#xCA8;&#xCCD;&#xCA8;&#xCC1; &#xC86;&#xCA7;&#xCB0;&#xCBF;&#xCB8;&#xCBF; &#xCA8;&#xCBE;&#xCA1;&#xCC1;, &#xCA8;&#xCC1;&#xCA1;&#xCBF; &#xCAE;&#xCA4;&#xCCD;&#xCA4;&#xCC1; &#xCB0;&#xCBE;&#xCB7;&#xCCD;&#xC9F;&#xCCD;&#xCB0;&#xCA6; &#xC95;&#xCB2;&#xCCD;&#xCAA;&#xCA8;&#xCC6;&#xC97;&#xCB3; &#xCAC;&#xCC6;&#xCB3;&#xCB5;&#xCA3;&#xCBF;&#xC97;&#xCC6;&#xCAF;&#xCA8;&#xCCD;&#xCA8;&#xCC1; &#xCB5;&#xCBF;&#xCB6;&#xCCD;&#xCB2;&#xCC7;&#xCB7;&#xCBF;&#xCB8;&#xCC1;&#xCA4;&#xCCD;&#xCA4;&#xCA6;&#xCC6;, &#xC86;&#xCA7;&#xCC1;&#xCA8;&#xCBF;&#xC95;&#xCA4;&#xCC6;&#xCAF; &#xC86;&#xC97;&#xCAE;&#xCA8;&#xCA6;&#xCCA;&#xC82;&#xCA6;&#xCBF;&#xC97;&#xCC6; &#xC95;&#xCA8;&#xCCD;&#xCA8;&#xCA1; &#xC95;&#xCBE;&#xCA6;&#xC82;&#xCAC;&#xCB0;&#xCBF;&#xC97;&#xCB3;&#xCC1; &#xCB9;&#xCC7;&#xC97;&#xCC6; &#xCB5;&#xCBF;&#xC95;&#xCB8;&#xCA8;&#xC97;&#xCCA;&#xC82;&#xCA1;&#xCB5;&#xCC1; &#xC8E;&#xC82;&#xCAC;&#xCC1;&#xCA6;&#xCA8;&#xCCD;&#xCA8;&#xCC1; &#xCA4;&#xCCB;&#xCB0;&#xCBF;&#xCB8;&#xCC1;&#xCA4;&#xCCD;&#xCA4;&#xCA6;&#xCC6;</subfield>
  </datafield>
  <datafield tag="650" ind1=" " ind2=" ">
    <subfield code="a">Kadambarigala Vimarshe</subfield>
    <subfield code="9">202115</subfield>
  </datafield>
  <datafield tag="690" ind1=" " ind2=" ">
    <subfield code="a">Kannada Criticism</subfield>
    <subfield code="9">202116</subfield>
  </datafield>
  <datafield tag="906" ind1=" " ind2=" ">
    <subfield code="a">057287</subfield>
  </datafield>
  <datafield tag="942" ind1=" " ind2=" ">
    <subfield code="2">ddc</subfield>
    <subfield code="c">BK</subfield>
  </datafield>
  <datafield tag="999" ind1=" " ind2=" ">
    <subfield code="c">104858</subfield>
    <subfield code="d">104858</subfield>
  </datafield>
  <datafield tag="952" ind1=" " ind2=" ">
    <subfield code="0">0</subfield>
    <subfield code="1">0</subfield>
    <subfield code="2">ddc</subfield>
    <subfield code="4">0</subfield>
    <subfield code="7">0</subfield>
    <subfield code="8">KAN</subfield>
    <subfield code="a">AL</subfield>
    <subfield code="b">AL</subfield>
    <subfield code="d">2021-02-17</subfield>
    <subfield code="e">Athree Book Centre, Mangalore-01.</subfield>
    <subfield code="g">120.00</subfield>
    <subfield code="l">4</subfield>
    <subfield code="o">K894.309 SHIN</subfield>
    <subfield code="p">057287</subfield>
    <subfield code="q">2026-06-13</subfield>
    <subfield code="r">2026-05-14 12:45:33</subfield>
    <subfield code="s">2026-05-14</subfield>
    <subfield code="w">2021-02-17</subfield>
    <subfield code="y">BK</subfield>
  </datafield>
</record>
